Matrimonio igualitario.

Saved in:
Bibliographic Details
Main Author: Albornoz Pollmann, Laura Elvira (autora)
Format: Unknown
Published: Santiago, Chile: Thomson Reuters, 2022.
Edition:1ª edición.
Series:Monografías
Subjects:
Tags: Add Tag
No Tags, Be the first to tag this record!

MARC

LEADER 00000 a2200000 4500
003 CL-VaPUC
005 20240719131624.0
008 230313t2022 ||||| |||| 00| 0 eng d
020 |a 978-956-400-302-3 
040 |c Pontificia Universidad Católica de Valparaíso 
082 |2 22  |a 346.83016 ALB 2022 
100 |a Albornoz Pollmann, Laura Elvira  |9 772109  |e autora 
245 |a Matrimonio igualitario.  
250 |a 1ª edición. 
260 |a Santiago, Chile:  |b Thomson Reuters,  |c 2022. 
300 |a 205 páginas.  
440 |a Monografías  |9 856527 
583 |k GC  |c 20230313 
650 0 |9 524871  |a Ley de matrimonio civil   |x Ley 21400  |x Perspectiva de género   |z Chile  
650 0 |a Matrimonio igualitario   |v Análisis  |x Código civil   |z Chile   |9 880665 
942 |2 ddc  |c BK 
999 |c 440066  |d 440064 
952 |0 0  |1 0  |2 ddc  |4 0  |6 346_830160000000000_ALB_2022  |7 0  |8 A  |9 588948  |a BIBDER  |b BIBDER  |d 2023-03-10  |e 31  |g 0.00  |i 5656593  |o 346.83016 ALB 2022  |p 5656593  |r 2023-03-10  |t 1  |v 0.00  |w 2023-03-10  |y BK  |k DER 
952 |0 0  |1 0  |2 ddc  |4 0  |6 346_830160000000000_ALB_2022  |7 0  |8 A  |9 593674  |a BIBGIM  |b BIBGIM  |d 2024-03-15  |e 22  |g 33000.00  |i 5660387  |o 346.83016 ALB 2022  |p 5660387  |r 2025-01-15  |t 2  |v 33000.00  |w 2024-03-15  |y BK  |k SSL 
952 |0 0  |1 0  |2 ddc  |4 0  |6 346_830160000000000_ALB_2022  |7 0  |8 A  |9 593675  |a BIBGIM  |b BIBGIM  |d 2024-03-15  |e 22  |g 33000.00  |i 5660388  |l 3  |m 1  |o 346.83016 ALB 2022  |p 5660388  |q 2025-07-31  |r 2025-01-14  |s 2025-01-14  |t 3  |v 33000.00  |w 2024-03-15  |y BK  |k SSL